|
|
|
|
| LEADER |
00000cas a2200000 a 4500 |
| 001 |
vtls010491845 |
| 003 |
SK-MaSNL |
| 005 |
20260512150148.0 |
| 008 |
130220c20119999xo sr|ne 0 0slo |
| 022 |
|
|
|a 1339-1003
|
| 040 |
|
|
|a SNK
|b slo
|c SNK
|e AACR2
|
| 041 |
0 |
|
|a slo
|
| 043 |
|
|
|a e-xo---
|
| 044 |
|
|
|a xo
|c SK
|
| 072 |
|
|
|a 352/354
|x Stupne miestnej, oblastnej a ústrednej správy
|2 konspekt
|
| 072 |
|
|
|a 394
|x Verejný a spoločenský život. Každodenný život
|2 konspekt
|
| 072 |
|
|
|a 316.7
|x Sociológia kultúry. Kultúrny život
|2 konspekt
|
| 080 |
|
|
|a 352
|2 2011
|
| 080 |
|
|
|a 394
|2 2011
|
| 080 |
|
|
|a 316.728
|2 2011
|
| 080 |
|
|
|a 050
|2 2011
|
| 080 |
|
|
|a (051)+(054)
|2 2011
|
| 080 |
|
|
|a (437.6)
|2 2011
|
| 210 |
0 |
|
|a Námestovčan
|
| 222 |
|
0 |
|a Námestovčan
|
| 245 |
0 |
0 |
|a Námestovčan
|b noviny občanov mesta Námestovo
|
| 260 |
|
|
|a Námestovo
|b Mesto Námestovo
|c 2011-
|
| 300 |
|
|
|a zv.
|c 39 cm
|
| 310 |
|
|
|a 6x ročne
|
| 362 |
|
|
|a Roč. 1, č. 1 (aug. 2011)-
|
| 500 |
|
|
|a Podnázov v tiráži: noviny občanov Námestovo
|
| 500 |
|
|
|a Evidenčné číslo: EV 4388/11
|
| 650 |
0 |
7 |
|a miestna správa
|2 SNKPH
|9 29496
|
| 650 |
0 |
7 |
|a každodenný život
|2 SNKPH
|9 4946
|
| 650 |
0 |
7 |
|a spoločenský život
|2 SNKPH
|9 28654
|
| 651 |
|
7 |
|a Námestovo (Slovensko)
|2 SNKPHgeo
|9 29879
|
| 655 |
|
7 |
|a miestne periodiká
|2 SNKPH
|9 160938
|
| 856 |
4 |
1 |
|u http://www.namestovo.sk/documents?p=námestovčan
|
| 910 |
|
|
|a snk
|
| 999 |
|
|
|c 4633
|d 6563
|
| 952 |
|
|
|t č. 1-6
|a SNK
|b SNK
|c SNK_KF
|y PREZ
|7 8
|p 17A1559020
|o snkČSA 1456/11/2021
|i snk2026/2221
|8 0
|0 0
|1 0
|4 0
|d 2026-02-11
|l 0
|r 2026-02-21 19:29:01
|w 2026-02-21
|
| 952 |
|
|
|t č. 1-6
|a SNK
|b SNK
|c SNK_KF
|y PREZ
|7 8
|p 17A1559021
|o snkČSA 1456/12/2022
|i snk2026/2224
|8 0
|z Číslo 1/2022 má uvedený chybný ročník 11
|0 0
|1 0
|4 0
|d 2026-02-11
|l 0
|r 2026-02-21 21:11:13
|w 2026-02-21
|
| 952 |
|
|
|t č. 1-6
|a SNK
|b SNK
|c SNK_KF
|y PREZ
|7 8
|p 17A1559022
|o snkČSA 1456/13/2023
|i snk2026/2225
|8 0
|0 0
|1 0
|4 0
|d 2026-02-11
|l 0
|r 2026-02-21 21:11:13
|w 2026-02-21
|
| 952 |
|
|
|t č. 1-6
|a SNK
|b SNK
|c SNK_KF
|y PREZ
|7 8
|p 17A1559023
|o snkČSA 1456/14/2024
|i snk2026/2226
|8 0
|0 0
|1 0
|4 0
|d 2026-02-11
|l 0
|r 2026-02-21 21:11:13
|w 2026-02-21
|
| 952 |
|
|
|t č. 1-6
|a SNK
|b SNK
|c SNK_KF
|y PREZ
|7 8
|p 17A1559024
|o snkČSA 1456/15/2025
|i snk2026/2227
|8 0
|0 0
|1 0
|4 0
|d 2026-02-11
|l 0
|r 2026-02-21 21:11:13
|w 2026-02-21
|
| 952 |
|
|
|t č. 1-6
|a SNK
|b SNK
|y PREZ
|7 0
|p 17A1461307
|o snkČSA 1456/8/2018
|i snk2021/17960
|8 0
|0 0
|1 0
|4 0
|d 2021-11-11
|l 0
|r 2026-02-21 21:29:21
|w 2026-02-21
|
| 952 |
|
|
|t č. 1-6
|a SNK
|b SNK
|y PREZ
|7 0
|p 17A1461308
|o snkČSA 1456/9/2019
|i snk2021/17961
|8 0
|0 0
|1 0
|4 0
|d 2021-11-11
|l 0
|r 2026-02-21 21:29:21
|w 2026-02-21
|
| 952 |
|
|
|t č. 1-6
|a SNK
|b SNK
|y PREZ
|7 0
|p 17A1461309
|o snkČSA 1456/10/2020
|i snk2021/17964
|8 0
|0 0
|1 0
|4 0
|d 2021-11-11
|l 0
|r 2026-02-21 21:29:21
|w 2026-02-21
|
| 952 |
|
|
|t č. 1-3
|a SNK
|b SNK
|y PREZ
|7 0
|p 17A1326737
|o snkČSA 1456/1/2011
|i snk2018/14052
|8 0
|0 0
|1 0
|4 0
|d 2018-06-29
|l 0
|r 2026-02-21 22:13:11
|w 2026-02-21
|
| 952 |
|
|
|t č. 1-6
|a SNK
|b SNK
|y PREZ
|7 0
|p 17A1326738
|o snkČSA 1456/2/2012
|i snk2018/14072
|8 0
|0 0
|1 0
|4 0
|d 2018-06-29
|l 0
|r 2026-02-21 22:13:11
|w 2026-02-21
|
| 952 |
|
|
|t č. 1-6
|a SNK
|b SNK
|y PREZ
|7 0
|p 17A1326739
|o snkČSA 1456/3/2013
|i snk2018/14073
|8 0
|0 0
|1 0
|4 0
|d 2018-06-29
|l 0
|r 2026-02-21 22:13:11
|w 2026-02-21
|
| 952 |
|
|
|t č. 1-6
|a SNK
|b SNK
|y PREZ
|7 0
|p 17A1326740
|o snkČSA 1456/4/2014
|i snk2018/14084
|8 0
|0 0
|1 0
|4 0
|d 2018-06-29
|l 0
|r 2026-02-21 22:13:11
|w 2026-02-21
|
| 952 |
|
|
|t č. 1-6
|a SNK
|b SNK
|y PREZ
|7 0
|p 17A1326741
|o snkČSA 1456/5/2015
|i snk2018/14085
|8 0
|0 0
|1 0
|4 0
|d 2018-06-29
|l 0
|r 2026-02-21 22:13:11
|w 2026-02-21
|
| 952 |
|
|
|t č. 1-6
|a SNK
|b SNK
|y PREZ
|7 0
|p 17A1326742
|o snkČSA 1456/6/2016
|i snk2018/14086
|8 0
|0 0
|1 0
|4 0
|d 2018-06-29
|l 0
|r 2026-02-21 22:13:11
|w 2026-02-21
|
| 952 |
|
|
|t č. 1-6
|a SNK
|b SNK
|y PREZ
|7 0
|p 17A1326743
|o snkČSA 1456/7/2017
|i snk2018/14087
|8 0
|0 0
|1 0
|4 0
|d 2018-06-29
|l 0
|r 2026-02-21 22:13:11
|w 2026-02-21
|